000 01327cam a2200313 a 4500
001 3450802
005 19980929131523.2
008 920806s1993 nyu b 001 0 eng
010 _a92031656
020 _a0231080409 (CL : acidfree paper)
020 _a0231080417 (paper)
020 _a9780231080415
040 _aDLC
_cDLC
_dDLC
050 0 0 _aJX1291
_b.B89 1993
082 0 0 _a327.072
_220
_bBUZ
100 1 _aBuzan, Barry.
_96670
245 1 4 _aThe Logic of Anarchy :
_bNeorealism to Structural Realism /
_cBarry Buzan, Charles Jones, and Richard Little.
260 _aNew York :
_bColumbia University Press,
_cc1993.
300 _a267 p. ;
_c24 cm.
440 0 _aNew directions in world politics
_96671
504 _aIncludes bibliographical references (p. 247-257) and index.
650 0 _aInternational relations
_xResearch.
_96672
650 0 _aRealism.
_96673
700 1 _aJones, Charles A.,
_d1949-
_96674
700 1 _aLittle, Richard,
_d1944-
_96675
942 _2ddc
_cBB
999 _c11957
_d11957